logo

Bir Sreshtho Munshi Abdur Rouf Library
Jhenaidah Cadet College

নওয়াব সলিমুল্লাহ সমাজ ও রাজনীতি / (Record no. 12253)

MARC details
000 -LEADER
fixed length control field 00890nam a2200241 a 4500
001 - CONTROL NUMBER
JCCL Control Number 12253
003 - CONTROL NUMBER IDENTIFIER
JCCL marc code BD-JhCC
005 - DATE AND TIME OF LATEST TRANSACTION
control field 20210901094344.0
008 - FIXED-LENGTH DATA ELEMENTS--GENERAL INFORMATION
fixed length control field 210901b2019 bg a|||| ||a| 001 0 Ben d
020 ## - INTERNATIONAL STANDARD BOOK NUMBER
International Standard Book Number 9847000003959
035 ## - SYSTEM CONTROL NUMBER
system control number (BD-JhCC)12253
040 ## - CATALOGING SOURCE
Original cataloging agency BD-JhCC
Modifying agency BD-JhCC
041 ## - LANGUAGE CODE
Language code of Book bengali
082 ## - DEWEY DECIMAL CLASSIFICATION NUMBER
Classification number 320.092
Author mark and Year RAH 2019
100 ## - MAIN ENTRY--PERSONAL NAME
Personal name রহমান,এস এম মোস্তাফিজুর
245 ## - TITLE STATEMENT
Title নওয়াব সলিমুল্লাহ সমাজ ও রাজনীতি /
Statement of responsibility, etc এস এম মোস্তাফিজুর রহমান ।
260 ## - PUBLICATION, DISTRIBUTION, ETC. (IMPRINT)
Place of publication, distribution, etc ঢাকা:
Name of publisher, distributor, etc জাতীয় সাহিত্য প্রকাশ;
Date of publication, distribution, etc ২০১৯.
300 ## - PHYSICAL DESCRIPTION
Pagination 416 p. :
Other physical details ill;
Dimensions 23 cm.
600 ## - SUBJECT ADDED ENTRY--PERSONAL NAME
Personal name Salimulah ,Nawab of dhaka
Dates associated with a name 1871-1915
650 ## - SUBJECT ADDED ENTRY--TOPICAL TERM
Topical term or geographic name as entry element Muslims -- Political Activities
Geographic subdivision Indo-- Bangla
942 ## - ADDED ENTRY ELEMENTS (KOHA)
Source of classification or shelving scheme Dewey Decimal Classification
Koha item type Books
Holdings
Source of classification or shelving scheme Damaged status Not for loan Home library Current library Shelving location Date of accession Cost, normal purchase price Total Checkouts Full call number Barcode Date last seen Copy number Koha item type
Dewey Decimal Classification     JCC Rouf Library JCC Rouf Library General Stacks 09/01/2021 595.00   320.092 RAH 2019 16780 09/01/2021 C-1 Books

JCC Library | Contacts | JCC Home

Last Update on 23 September 2017
Copyright @ 2017-2020 JCC Rouf Library
Rouf Library, Jhenidah Cadet College (JCC), Bangladesh